Arboricoltura : manualetto ad uso degli studenti delle RR. scuole agrarie e degli agricoltori. Nicola Bochicchio. 2. ed. riveduta con 104 figure

Gespeichert in:
Bibliographische Detailangaben
1. Verfasser: Bochicchio, Nicola.
Format: Buch
Sprache:Italienisch
Erschienen: Catania F. Battiato 1925
Katalog:EDISCO:  Suchergebnis im Bibliothekskatalog
Schulbuchspezifische Eigenschaften:
Tags: Tag hinzufügen
Keine Tags, Fügen Sie den ersten Tag hinzu!
Hinzugefügt zu:30.04.2016
Geändert in:04.10.2017

MARC

LEADER 00000aam a22000007 4500
001 22856
003 OSt
005 20171004090741.0
008 160501s1925 it 000 0 ita
040 |c Paola Zonca - Torino - SBN 
041 1 |a ita 
100 1 |a Bochicchio, Nicola. 
245 0 0 |a Arboricoltura : manualetto ad uso degli studenti delle RR. scuole agrarie e degli agricoltori. Nicola Bochicchio. 2. ed. riveduta con 104 figure 
260 |a Catania  |b F. Battiato  |c 1925 
300 |a 291 p., ;   |c 19 cm. 
901 |a 7 
700 1 |a Bochicchio, Nicola. 
942 |2 ddc  |c BK 
546 |a ita 
999 |c 22845  |d 22845 
999 |c edisco:22845  |d 22845